000
00293nam a2200121Ia 4500
008
220204s9999 xx 000 0 und d
082
_a
658.1
_b
MYE
100
_a
Myer, John N
245
0
_a
Financial statement analysis
250
_a
4
260
_a
New Delhi
_b
Prentice hall
_c
1974
942
_c
BK
999
_c
23663
_d
23663